T13 駅名クイズ - ひらがなを含む駅 ver. - Statistics

General Stats
  • This quiz has been taken 509 times
  • The average score is 41 of 191
Answer Stats
Number Answer % Correct
TX20 つくば
59%
TX12 流山おおたかの森
58%
DT16 あざみ野
52%
TX16 みらい平
49%
DT15 たまプラーザ
48%
DT26 つきみ野
46%
TS02 とうきょうスカイツリー
46%
TX14 柏たなか
45%
DT23 つくし野
45%
JK46 さいたま新都心
43%
DT24 すずかけ台
42%
いわき
40%
越前たけふ
40%
TX17 みどりの
40%
MM03 みなとみらい
40%
SO34 いずみ野
39%
GN17 | KD03 こどもの国
38%
JE17 千葉みなと
37%
NS13 | TJ06 ときわ台
37%
TJ18 ふじみ野
37%
Y15 みの
37%
NK31 りんくうタウン
37%
あしかがフラワーパーク
36%
奥津軽いまべつ
36%
KS64 おゆみ野
36%
KO14 つつじヶ丘
36%
KS65 ちはら台
35%
SO36 ゆめが丘
35%
いわて沼宮内
34%
SO16 さがみ野
34%
さくらんぼ東根
34%
TS24 せんげん台
34%
TJ31 つきのわ
34%
SO35 いずみ中央
33%
SO17 かしわ台
33%
JH30 八王子みなみ野
33%
KO37 京王よみうりランド
32%
OT04 はるひ野
32%
TJ35 みなみ寄居
32%
TN35 おもちゃのまち
31%
TJ16 みずほ台
31%
KO50 めじろ台
31%
TA23 りんくう常滑
31%
G10 あいの里教育大
29%
JA08 ししぶ
29%
G11 あいの里公園
28%
南阿蘇水の生まれる里白水高原
28%
KS08 お花茶屋
27%
CO36 勝沼ぶどう郷
27%
かみのやま温泉
27%
A53 さくら夙川
27%
T19 新さっぽろ
27%
TS42 東あずま
27%
B16 あき亀山
26%
くびき
26%
くりこま高原
26%
N06 さっぽろ
26%
ひたち野うしく
26%
うらがわら
25%
U06 お台場海浜公園
25%
E17 勝どき
25%
しんざ
25%
SI13 ひばりヶ丘
25%
A82 ひめじ別所
25%
ほくほく大島
25%
KS56 みどり台
25%
GN35 あかおか
24%
T14 いりなか
24%
SL09 くぬぎ山
24%
はりま勝原
24%
まつだい
24%
あおば通
23%
11 おもろまち
23%
長者ヶ浜潮騒はまなす公園前
23%
S10 ほしみ
23%
NK41 みさき公園
23%
B26 おごと温泉
22%
すずらんの里
22%
F0 たけふ新
22%
P11 中ふ頭
22%
KH51 なにわ橋
22%
GN37 のいち
22%
22 松江しんじ湖温泉
22%
みどり湖
22%
えちご押上ひすい海岸
21%
大池いこいの森
21%
T18 ひばりが丘
21%
HC3 あかぢ
20%
うきは
20%
SY02 西武園ゆうえんち
20%
バルーンさが
20%
OT12 びわ湖浜大津
20%
E40 あわら湯のまち
19%
えびの
19%
テクノさかき
19%
19 てだこ浦西
19%
ほっとゆだ
19%
SL04 みのり台
19%
井川さくら
18%
石巻あゆみ野
18%
N08 すすきの
18%
高岡やぶなみ
18%
はりまや橋
18%
AN02 ささしまライブ
17%
U05 芝浦ふ頭
17%
I13 だいどう豊里
17%
CR17 ふかや花園
17%
ゆめみ野
17%
あつみ温泉
16%
AN11 金城ふ頭
16%
日本へそ公園
16%
ひらんだ
16%
K03 みなと元町
16%
GN36 よしかわ
16%
8 あさぎり
15%
K14 くいな橋
15%
HC22 源じいの森
15%
たびら平戸口
15%
塔のへつり
15%
L02 はなみずき通
15%
P05 みなとじま
15%
アプトいちしろ
14%
E36 下兵庫こうふく
14%
CB15 長泉なめり
14%
ひぐち
14%
CR12 ひろせ野鳥の森
14%
H09 豊水すすきの
14%
あきた白神
13%
あすなろう四日市
13%
あまや
13%
IY12 いよ立花
13%
JB11 けやき台
13%
G03 都筑ふれあいの丘
13%
E35 西長田ゆりの里
13%
杜せきのした
13%
あぶくま
12%
あわくら温泉
12%
7 おかどめ幸福
12%
D23 函館どつく前
12%
OR05 ひこね芹川
12%
CM10 みつわ台
12%
えびの飯野
11%
ET09 さぎの宮
11%
清流みはらし
11%
OR06 たのうら御立岬公園
11%
KK10 田んぼアート
11%
18 みなみ子宝温泉
11%
やながわ希望の森公園前
11%
ゆだ錦秋湖
11%
GN27-1 あき総合病院前
10%
F3 荒河かしの木台
10%
いこいの村
10%
A62 愛し野
10%
岩城みなと
10%
関門海峡めかり
10%
さつき野
10%
佐野のわたし
10%
ふるさと公園
10%
みどり中央
10%
ゆだ高原
10%
あやめ公園
9%
いずえ
9%
I06 いづろ通
9%
えびの上江
9%
おりはた
9%
Y11 かるが浜
9%
すえたちばな
9%
6 せきてらす前
9%
のの岳
9%
13 やぐま台
9%
14 ゆいの杜中央
9%
13 ゆいの杜西
9%
15 ゆいの杜東
9%
いこいの広場
8%
恋し浜
8%
HC7 ふれあい生力
8%
みどり口
8%
37 めがね橋
8%
H09 恵み野
8%
T23 かぶと山
7%
E24 まつもと町屋
7%
ET02 第一通り
6%
H10 東山・おかでんミュージアム駅
6%
みどり中街
6%
いのつき
5%
守内かさ神
5%
18 かしの森公園前
4%
K07 空港通り
4%
H05 県庁通り
2%
No matching quizzes found
Score Distribution
Percent of People with Each Score
Percentile by Number Answered
Your Score History
You have not taken this quiz